00357nam a2200145Ia 4500003000400000005001700004008004100021040000700062041001200069082001700081100001800098245003800116260004400154365001300198OSt20251003192105.0210423s2006 xx 000 0 und d cAL aEnglish a302.2b TIWM aDeepak Tiwari aMethods of teaching communication aNew DelhibCrescent Publishing Coc2006 b700cINR